Normal view
MARC view
- Cervantes, Ding.
Entry Personal Name
001 - CONTROL NUMBER
- control field: 46616
003 - CONTROL NUMBER IDENTIFIER
- control field: OSt
005 - DATE AND TIME OF LATEST TRANSACTION
- control field: 20221104153047.0
008 - FIXED-LENGTH DATA ELEMENTS
- fixed length control field: 221104|| aca||aabn | a|a d
040 ## - CATALOGING SOURCE
- Original cataloging agency: OSt
- Transcribing agency: OSt
100 ## - HEADING--PERSONAL NAME
- Personal name: Cervantes, Ding.
670 ## - SOURCE DATA FOUND
- Source citation: Work cat.: (OSt): Cervantes, Ding., UN asked to investigate death of environmental defenders / , March 5, 2020
